00714nam a2200181 a 4500008004100000020001500041050001900056100001700075245015600092260004000248300002300288350000900311490003900320650004000359650004500399650007000444700001800514120416s1994 ||||||||||||||||| || u a0821326600 aIBRD(08)DPC/10 aHaddad, Wadi14aThe dynamics of education policymaking: case studies of Burkina Faso, Jordan, Peru, and ThailandcBy Wadi D. Haddad with the assistance of Terri Demsky aWashington, D. C.bWorld Bankc1994 aviii, 269p. : ill. a0.00 aEDI DEVELOPMENT POLICY CASE SERIES 0aEDUCATIONAL TESTS AND MEASUREMENTS  aEDUCATIONAL CHANGE--DEVELOPING COUNTRIES aEDUCATION AND STATE--DEVELOPING COUNTRIES--CROSS CULTURAL STUDIES aDemsky, Terri